000 00373pam a2200157a 44500
008 230515b1995 xxu||||| |||| 00| 0 eng d
020 _aNULL
041 _aENG
082 _a618.2
100 _aDawn C S
245 _aTextbook of Obstetrice and Neonatology
250 _a13th
260 _aNULL
_bDawn Books Calcutta -14
_c1995
300 _a528
650 _aObstetrice
999 _c550150
_d550150